[Event "ODJM B 2025"]
[Site "Willingen GER"]
[Date "2025.06.13"]
[Round "8"]
[White "Stepanjan, Tatevik Mia"]
[Black "Peglau, Lorena"]
[Result "1-0"]
[Termination "normal"]
[Board "48"]
[WhiteElo "1604"]
[BlackElo "1464"]
[WhiteClock "00:09:43"]
[BlackClock "01:18:36"]
[PlyCount "119"]
[WhiteFideId "16246128"]
[BlackFideId "16290542"]
[EventCountry "GER"]
[EventRounds "9"]
[EventType "swiss"]
[EventDate "2025.06.07"]

1. e4 {[%clk 01:30:58]} {[%emt 00:00:02]} e6 {[%clk 01:30:56]} {[%emt
00:00:05]} 2. d4 {[%clk 01:31:23]} {[%emt 00:00:06]} d5 {[%clk 01:31:19]}
{[%emt 00:00:06]} 3. exd5 {[%clk 01:31:44]} {[%emt 00:00:09]} exd5 {[%clk
01:31:43]} {[%emt 00:00:06]} 4. Bd3 {[%clk 01:32:09]} {[%emt 00:00:05]} c6
{[%clk 01:31:45]} {[%emt 00:00:28]} 5. Bf4 {[%clk 01:31:45]} {[%emt 00:00:54]}
Bd6 {[%clk 01:32:03]} {[%emt 00:00:11]} 6. Ne2 {[%clk 01:31:48]} {[%emt
00:00:27]} Nf6 {[%clk 01:31:50]} {[%emt 00:00:43]} 7. Nd2 {[%clk 01:28:49]}
{[%emt 00:03:29]} O-O {[%clk 01:31:23]} {[%emt 00:00:57]} 8. O-O {[%clk
01:27:14]} {[%emt 00:02:04]} Bxf4 {[%clk 01:30:56]} {[%emt 00:00:58]} 9. Nxf4
{[%clk 01:27:26]} {[%emt 00:00:18]} Qb6 {[%clk 01:31:10]} {[%emt 00:00:17]} 10.
Nb3 {[%clk 01:26:50]} {[%emt 00:01:06]} Nbd7 {[%clk 01:27:20]} {[%emt
00:04:20]} 11. Re1 {[%clk 01:18:13]} {[%emt 00:09:06]} Qc7 {[%clk 01:24:17]}
{[%emt 00:03:33]} 12. Nh5 {[%clk 00:45:39]} {[%emt 00:33:04]} Nxh5 {[%clk
01:23:38]} {[%emt 00:01:09]} 13. Qxh5 {[%clk 00:46:02]} {[%emt 00:00:07]} Nf6
{[%clk 01:23:58]} {[%emt 00:00:10]} 14. Qe5 {[%clk 00:44:16]} {[%emt 00:02:16]}
Qxe5 {[%clk 01:23:46]} {[%emt 00:00:41]} 15. Rxe5 {[%clk 00:44:40]} {[%emt
00:00:06]} Bd7 {[%clk 01:23:44]} {[%emt 00:00:33]} 16. Nc5 {[%clk 00:41:53]}
{[%emt 00:03:18]} b6 {[%clk 01:22:00]} {[%emt 00:02:13]} 17. Nxd7 {[%clk
00:38:11]} {[%emt 00:04:12]} Nxd7 {[%clk 01:22:23]} {[%emt 00:00:07]} 18. Re7
{[%clk 00:38:06]} {[%emt 00:00:34]} Nf6 {[%clk 01:22:28]} {[%emt 00:00:26]} 19.
Ba6 {[%clk 00:35:42]} {[%emt 00:02:54]} c5 {[%clk 01:20:43]} {[%emt 00:02:15]}
20. dxc5 {[%clk 00:34:47]} {[%emt 00:01:25]} bxc5 {[%clk 01:18:13]} {[%emt
00:03:01]} 21. b3 {[%clk 00:33:20]} {[%emt 00:01:56]} c4 {[%clk 01:16:39]}
{[%emt 00:02:04]} 22. bxc4 {[%clk 00:29:34]} {[%emt 00:04:16]} dxc4 {[%clk
01:16:49]} {[%emt 00:00:20]} 23. Bxc4 {[%clk 00:29:25]} {[%emt 00:00:39]} h6
{[%clk 01:16:20]} {[%emt 00:00:59]} 24. h3 {[%clk 00:25:23]} {[%emt 00:04:32]}
a5 {[%clk 01:16:37]} {[%emt 00:00:12]} 25. Rb1 {[%clk 00:24:13]} {[%emt
00:01:40]} Ne8 {[%clk 01:12:44]} {[%emt 00:04:23]} 26. Rd1 {[%clk 00:16:24]}
{[%emt 00:08:19]} Nf6 {[%clk 01:12:38]} {[%emt 00:00:37]} 27. Rb1 {[%clk
00:07:05]} {[%emt 00:09:49]} Ne8 {[%clk 01:12:59]} {[%emt 00:00:08]} 28. Rb6
{[%clk 00:06:46]} {[%emt 00:00:48]} g6 {[%clk 01:11:26]} {[%emt 00:02:04]} 29.
Rxg6+ {[%clk 00:06:37]} {[%emt 00:00:40]} Ng7 {[%clk 01:11:35]} {[%emt
00:00:21]} 30. Rf6 {[%clk 00:04:53]} {[%emt 00:02:14]} Rab8 {[%clk 01:10:59]}
{[%emt 00:01:06]} 31. Rexf7 {[%clk 00:03:17]} {[%emt 00:02:05]} Rxf7 {[%clk
01:11:12]} {[%emt 00:00:17]} 32. Bxf7+ {[%clk 00:03:09]} {[%emt 00:00:38]} Kh7
{[%clk 01:10:25]} {[%emt 00:01:17]} 33. Bb3 {[%clk 00:02:55]} {[%emt 00:00:45]}
Rd8 {[%clk 01:10:04]} {[%emt 00:00:50]} 34. Ra6 {[%clk 00:02:46]} {[%emt
00:00:39]} Nf5 {[%clk 01:09:32]} {[%emt 00:01:02]} 35. Rxa5 {[%clk 00:02:28]}
{[%emt 00:00:49]} Nd4 {[%clk 01:09:48]} {[%emt 00:00:13]} 36. Rd5 {[%clk
00:02:13]} {[%emt 00:00:46]} Rxd5 {[%clk 01:10:02]} {[%emt 00:00:16]} 37. Bxd5
{[%clk 00:02:34]} {[%emt 00:00:08]} Nxc2 {[%clk 01:10:25]} {[%emt 00:00:08]}
38. Be4+ {[%clk 00:03:00]} {[%emt 00:00:04]} Kg7 {[%clk 01:10:38]} {[%emt
00:00:16]} 39. Bxc2 {[%clk 00:03:25]} {[%emt 00:00:04]} Kf7 {[%clk 01:11:00]}
{[%emt 00:00:08]} 40. a4 {[%clk 00:03:43]} {[%emt 00:00:13]} Ke7 {[%clk
01:11:24]} {[%emt 00:00:05]} 41. a5 {[%clk 00:04:06]} {[%emt 00:00:07]} Kd7
{[%clk 01:11:49]} {[%emt 00:00:05]} 42. a6 {[%clk 00:04:30]} {[%emt 00:00:06]}
Kc7 {[%clk 01:12:13]} {[%emt 00:00:05]} 43. Be4 {[%clk 00:04:50]} {[%emt
00:00:10]} Kb6 {[%clk 01:12:35]} {[%emt 00:00:08]} 44. Bb7 {[%clk 00:05:12]}
{[%emt 00:00:08]} Ka7 {[%clk 01:12:55]} {[%emt 00:00:10]} 45. f4 {[%clk
00:05:36]} {[%emt 00:00:05]} h5 {[%clk 01:13:19]} {[%emt 00:00:06]} 46. f5
{[%clk 00:06:02]} {[%emt 00:00:05]} h4 {[%clk 01:13:44]} {[%emt 00:00:04]} 47.
f6 {[%clk 00:06:26]} {[%emt 00:00:05]} Kb8 {[%clk 01:14:07]} {[%emt 00:00:08]}
48. f7 {[%clk 00:06:51]} {[%emt 00:00:05]} Ka7 {[%clk 01:14:33]} {[%emt
00:00:03]} 49. f8=Q {[%clk 00:06:41]} {[%emt 00:00:41]} Kb6 {[%clk 01:15:00]}
{[%emt 00:00:03]} 50. Qd6+ {[%clk 00:06:59]} {[%emt 00:00:12]} Ka7 {[%clk
01:15:21]} {[%emt 00:00:09]} 51. Qc5+ {[%clk 00:07:21]} {[%emt 00:00:08]} Kb8
{[%clk 01:15:43]} {[%emt 00:00:08]} 52. Qc8+ {[%clk 00:07:37]} {[%emt
00:00:15]} Ka7 {[%clk 01:16:07]} {[%emt 00:00:06]} 53. Qa8+ {[%clk 00:08:01]}
{[%emt 00:00:05]} Kb6 {[%clk 01:16:31]} {[%emt 00:00:05]} 54. a7 {[%clk
00:08:26]} {[%emt 00:00:06]} Kc7 {[%clk 01:16:54]} {[%emt 00:00:07]} 55. Qb8+
{[%clk 00:08:50]} {[%emt 00:00:06]} Kb6 {[%clk 01:17:16]} {[%emt 00:00:07]} 56.
a8=Q {[%emt 00:00:30]} Kc5 {[%clk 01:17:39]} {[%emt 00:00:05]} 57. Qa6 {[%clk
00:08:39]} {[%emt 00:00:43]} Kd4 {[%clk 01:18:02]} {[%emt 00:00:07]} 58. Qf4+
{[%clk 00:08:57]} {[%emt 00:00:12]} Kc3 {[%clk 01:18:21]} {[%emt 00:00:11]} 59.
Qa3+ {[%clk 00:09:15]} {[%emt 00:00:12]} Kc2 {[%clk 01:18:36]} {[%emt
00:00:14]} 60. Qf2+ {[%clk 00:09:43]} {[%emt 00:00:02]} 1-0

[Event "ODJM B 2025"]
[Site "Willingen GER"]
[Date "2025.06.13"]
[Round "8"]
[White "Mlynarski, Milosz"]
[Black "Lau, Lars"]
[Result "1-0"]
[Termination "normal"]
[Board "49"]
[WhiteElo "1647"]
[BlackElo "1569"]
[WhiteClock "01:17:50"]
[BlackClock "01:14:46"]
[PlyCount "51"]
[WhiteFideId "34636854"]
[BlackFideId "34623663"]
[EventCountry "GER"]
[EventRounds "9"]
[EventType "swiss"]
[EventDate "2025.06.07"]

1. d4 {[%clk 01:30:57]} {[%emt 00:00:03]} Nf6 {[%clk 01:30:56]} {[%emt
00:00:04]} 2. c4 {[%clk 01:31:18]} {[%emt 00:00:09]} g6 {[%clk 01:31:22]}
{[%emt 00:00:03]} 3. Nc3 {[%clk 01:31:36]} {[%emt 00:00:12]} d5 {[%clk
01:31:47]} {[%emt 00:00:06]} 4. cxd5 {[%clk 01:32:00]} {[%emt 00:00:07]} Nxd5
{[%clk 01:32:12]} {[%emt 00:00:04]} 5. e4 {[%clk 01:32:25]} {[%emt 00:00:05]}
Nxc3 {[%clk 01:32:36]} {[%emt 00:00:05]} 6. bxc3 {[%clk 01:32:50]} {[%emt
00:00:05]} Bg7 {[%clk 01:32:59]} {[%emt 00:00:08]} 7. Nf3 {[%clk 01:33:12]}
{[%emt 00:00:07]} c5 {[%clk 01:33:18]} {[%emt 00:00:12]} 8. Be3 {[%clk
01:29:41]} {[%emt 00:04:00]} O-O {[%clk 01:28:55]} {[%emt 00:04:53]} 9. Be2
{[%clk 01:29:29]} {[%emt 00:00:42]} Nc6 {[%clk 01:29:19]} {[%emt 00:00:05]} 10.
Rc1 {[%clk 01:29:28]} {[%emt 00:00:32]} Qa5 {[%clk 01:26:56]} {[%emt 00:02:54]}
11. Qd2 {[%clk 01:29:44]} {[%emt 00:00:12]} Rd8 {[%clk 01:26:57]} {[%emt
00:00:29]} 12. d5 {[%clk 01:28:37]} {[%emt 00:01:38]} Ne5 {[%clk 01:24:30]}
{[%emt 00:02:57]} 13. c4 {[%clk 01:27:15]} {[%emt 00:01:52]} Nxf3+ {[%clk
01:22:25]} {[%emt 00:02:35]} 14. Bxf3 {[%clk 01:27:15]} {[%emt 00:00:31]} Qxd2+
{[%clk 01:22:44]} {[%emt 00:00:11]} 15. Bxd2 {[%clk 01:27:35]} {[%emt
00:00:09]} e6 {[%clk 01:23:01]} {[%emt 00:00:12]} 16. O-O {[%clk 01:26:19]}
{[%emt 00:01:47]} exd5 {[%clk 01:21:13]} {[%emt 00:02:18]} 17. exd5 {[%clk
01:26:34]} {[%emt 00:00:15]} Bf5 {[%clk 01:20:18]} {[%emt 00:01:25]} 18. Rfe1
{[%clk 01:23:38]} {[%emt 00:03:27]} Bb2 {[%clk 01:14:15]} {[%emt 00:06:33]} 19.
Rcd1 {[%clk 01:17:42]} {[%emt 00:06:25]} Bc2 {[%clk 01:14:36]} {[%emt
00:00:09]} 20. Bg5 {[%clk 01:18:03]} {[%emt 00:00:09]} f6 {[%clk 01:14:51]}
{[%emt 00:00:15]} 21. Rd2 {[%clk 01:18:22]} {[%emt 00:00:11]} Bc3 {[%clk
01:15:05]} {[%emt 00:00:16]} 22. Rxc2 {[%clk 01:18:47]} {[%emt 00:00:05]} Bxe1
{[%clk 01:15:30]} {[%emt 00:00:06]} 23. Bxf6 {[%clk 01:19:08]} {[%emt
00:00:08]} Re8 {[%clk 01:15:39]} {[%emt 00:00:21]} 24. d6 {[%clk 01:19:08]}
{[%emt 00:00:30]} Re6 {[%clk 01:15:24]} {[%emt 00:00:45]} 25. Bd5 {[%clk
01:19:27]} {[%emt 00:00:11]} Kf7 {[%clk 01:14:46]} {[%emt 00:01:08]} 26. Re2
{[%clk 01:17:50]} {[%emt 00:02:06]} 1-0

[Event "ODJM B 2025"]
[Site "Willingen GER"]
[Date "2025.06.13"]
[Round "8"]
[White "Fize, Aleksandrs"]
[Black "Schmidt, Marieke"]
[Result "1-0"]
[Termination "normal"]
[Board "50"]
[WhiteElo "1712"]
[BlackElo "1726"]
[WhiteClock "01:00:41"]
[BlackClock "00:04:05"]
[PlyCount "85"]
[WhiteFideId "34623779"]
[BlackFideId "533007497"]
[EventCountry "GER"]
[EventRounds "9"]
[EventType "swiss"]
[EventDate "2025.06.07"]

1. d4 {[%clk 01:30:57]} {[%emt 00:00:02]} Nf6 {[%clk 01:30:56]} {[%emt
00:00:05]} 2. Nc3 {[%clk 01:31:21]} {[%emt 00:00:05]} e6 {[%clk 01:31:22]}
{[%emt 00:00:05]} 3. Bf4 {[%clk 01:31:47]} {[%emt 00:00:04]} Bb4 {[%clk
01:31:48]} {[%emt 00:00:04]} 4. Qd3 {[%clk 01:32:14]} {[%emt 00:00:03]} d5
{[%clk 01:32:10]} {[%emt 00:00:08]} 5. O-O-O {[%clk 01:32:35]} {[%emt
00:00:09]} c5 {[%clk 01:32:35]} {[%emt 00:00:05]} 6. dxc5 {[%clk 01:31:17]}
{[%emt 00:01:48]} Qa5 {[%clk 01:32:27]} {[%emt 00:00:39]} 7. Qb5+ {[%clk
01:30:48]} {[%emt 00:00:58]} Nc6 {[%clk 01:31:38]} {[%emt 00:01:19]} 8. Qxa5
{[%clk 01:25:56]} {[%emt 00:05:23]} Bxa5 {[%clk 01:31:54]} {[%emt 00:00:14]} 9.
Nb5 {[%clk 01:25:21]} {[%emt 00:01:04]} Ne4 {[%clk 01:17:27]} {[%emt 00:14:57]}
10. Nd6+ {[%clk 01:24:51]} {[%emt 00:01:00]} Nxd6 {[%clk 01:05:42]} {[%emt
00:12:15]} 11. Bxd6 {[%clk 01:24:13]} {[%emt 00:01:07]} Bd7 {[%clk 01:00:29]}
{[%emt 00:05:43]} 12. Nf3 {[%clk 01:21:54]} {[%emt 00:02:49]} Rc8 {[%clk
00:51:37]} {[%emt 00:09:22]} 13. e3 {[%clk 01:18:57]} {[%emt 00:03:28]} Bc7
{[%clk 00:48:00]} {[%emt 00:04:06]} 14. Bxc7 {[%clk 01:17:47]} {[%emt
00:01:41]} Rxc7 {[%clk 00:48:26]} {[%emt 00:00:04]} 15. Nd4 {[%clk 01:18:05]}
{[%emt 00:00:11]} a6 {[%clk 00:43:44]} {[%emt 00:05:12]} 16. Be2 {[%clk
01:16:54]} {[%emt 00:01:41]} O-O {[%clk 00:44:00]} {[%emt 00:00:15]} 17. a3
{[%clk 01:15:04]} {[%emt 00:02:20]} Ne5 {[%clk 00:39:22]} {[%emt 00:05:08]} 18.
b4 {[%clk 01:04:51]} {[%emt 00:10:44]} Rfc8 {[%clk 00:37:55]} {[%emt 00:01:56]}
19. Rd2 {[%clk 01:01:43]} {[%emt 00:03:37]} Ra8 {[%clk 00:27:12]} {[%emt
00:11:13]} 20. Kb2 {[%clk 01:00:45]} {[%emt 00:01:29]} Ba4 {[%clk 00:24:14]}
{[%emt 00:03:27]} 21. Ra1 {[%clk 01:00:30]} {[%emt 00:00:45]} a5 {[%clk
00:17:24]} {[%emt 00:07:21]} 22. c3 {[%clk 00:59:06]} {[%emt 00:01:54]} Rac8
{[%clk 00:15:26]} {[%emt 00:02:28]} 23. f4 {[%clk 00:58:59]} {[%emt 00:00:36]}
Nd7 {[%clk 00:14:48]} {[%emt 00:01:09]} 24. Bb5 {[%clk 00:59:18]} {[%emt
00:00:11]} Bxb5 {[%clk 00:11:59]} {[%emt 00:03:18]} 25. Nxb5 {[%clk 00:59:43]}
{[%emt 00:00:06]} Nf6 {[%clk 00:12:02]} {[%emt 00:00:27]} 26. Nxc7 {[%clk
01:00:06]} {[%emt 00:00:07]} Rxc7 {[%clk 00:12:27]} {[%emt 00:00:04]} 27. c4
{[%clk 00:59:50]} {[%emt 00:00:46]} Ne4 {[%clk 00:12:39]} {[%emt 00:00:18]} 28.
Rd4 {[%clk 01:00:08]} {[%emt 00:00:12]} h6 {[%clk 00:11:49]} {[%emt 00:01:20]}
29. cxd5 {[%clk 01:00:30]} {[%emt 00:00:08]} exd5 {[%clk 00:10:58]} {[%emt
00:01:21]} 30. Rxd5 {[%clk 01:00:54]} {[%emt 00:00:07]} a4 {[%clk 00:10:50]}
{[%emt 00:00:38]} 31. Rad1 {[%clk 01:01:00]} {[%emt 00:00:23]} Nf6 {[%clk
00:10:34]} {[%emt 00:00:48]} 32. Rd8+ {[%clk 01:00:55]} {[%emt 00:00:34]} Kh7
{[%clk 00:10:58]} {[%emt 00:00:06]} 33. h3 {[%clk 01:00:39]} {[%emt 00:00:46]}
Re7 {[%clk 00:10:19]} {[%emt 00:01:08]} 34. R1d3 {[%clk 01:01:01]} {[%emt
00:00:09]} Kg6 {[%clk 00:10:04]} {[%emt 00:00:46]} 35. g4 {[%clk 01:01:07]}
{[%emt 00:00:23]} Ne4 {[%clk 00:08:48]} {[%emt 00:01:46]} 36. R8d7 {[%clk
01:01:10]} {[%emt 00:00:26]} Re8 {[%clk 00:08:12]} {[%emt 00:01:07]} 37. Rxb7
{[%clk 01:01:20]} {[%emt 00:00:20]} Nf2 {[%clk 00:08:29]} {[%emt 00:00:12]} 38.
Rd6+ {[%clk 01:01:00]} {[%emt 00:00:51]} Kh7 {[%clk 00:08:27]} {[%emt
00:00:32]} 39. c6 {[%clk 01:01:05]} {[%emt 00:00:25]} Rxe3 {[%clk 00:07:55]}
{[%emt 00:01:01]} 40. c7 {[%clk 01:01:19]} {[%emt 00:00:17]} Rb3+ {[%clk
00:08:11]} {[%emt 00:00:14]} 41. Ka2 {[%clk 01:00:58]} {[%emt 00:00:50]} Rc3
{[%clk 00:08:28]} {[%emt 00:00:13]} 42. Rd8 {[%clk 01:00:56]} {[%emt 00:00:32]}
Rc2+ {[%clk 00:04:05]} {[%emt 00:04:53]} 43. Kb1 {[%clk 01:00:41]} {[%emt
00:00:46]} 1-0

[Event "ODJM B 2025"]
[Site "Willingen GER"]
[Date "2025.06.13"]
[Round "8"]
[White "Hesse, Frederik"]
[Black "Geib, Niklas"]
[Result "1-0"]
[Termination "normal"]
[Board "51"]
[WhiteElo "1663"]
[BlackElo "1581"]
[WhiteClock "01:17:11"]
[BlackClock "00:20:37"]
[PlyCount "101"]
[WhiteFideId "34600094"]
[BlackFideId "34682236"]
[EventCountry "GER"]
[EventRounds "9"]
[EventType "swiss"]
[EventDate "2025.06.07"]

1. e4 {[%clk 01:30:51]} {[%emt 00:00:08]} d5 {[%clk 01:30:58]} {[%emt
00:00:04]} 2. exd5 {[%clk 01:31:12]} {[%emt 00:00:09]} Qxd5 {[%clk 01:31:27]}
3. Nc3 {[%clk 01:31:28]} {[%emt 00:00:15]} Qa5 {[%clk 01:31:52]} {[%emt
00:00:05]} 4. d4 {[%clk 01:31:46]} {[%emt 00:00:11]} c6 {[%clk 01:32:19]}
{[%emt 00:00:04]} 5. Bd2 {[%clk 01:32:00]} {[%emt 00:00:15]} Qc7 {[%clk
01:32:35]} {[%emt 00:00:14]} 6. Bc4 {[%clk 01:32:19]} {[%emt 00:00:12]} Nf6
{[%clk 01:32:56]} {[%emt 00:00:09]} 7. Nf3 {[%clk 01:32:15]} {[%emt 00:00:33]}
Bg4 {[%clk 01:33:21]} {[%emt 00:00:05]} 8. h3 {[%clk 01:32:38]} {[%emt
00:00:07]} Bh5 {[%clk 01:33:48]} {[%emt 00:00:04]} 9. Qe2 {[%clk 01:32:12]}
{[%emt 00:00:55]} e6 {[%clk 01:33:25]} {[%emt 00:00:54]} 10. g4 {[%clk
01:32:23]} {[%emt 00:00:19]} Bg6 {[%clk 01:33:50]} {[%emt 00:00:04]} 11. Ne5
{[%clk 01:32:11]} {[%emt 00:00:42]} Nbd7 {[%clk 01:33:56]} {[%emt 00:00:25]}
12. f4 {[%clk 01:32:24]} {[%emt 00:00:16]} Nxe5 {[%clk 01:30:07]} {[%emt
00:04:19]} 13. fxe5 {[%clk 01:31:25]} {[%emt 00:01:29]} Nd7 {[%clk 01:29:43]}
{[%emt 00:00:54]} 14. h4 {[%clk 01:31:12]} {[%emt 00:00:43]} h6 {[%clk
01:29:27]} {[%emt 00:00:46]} 15. O-O-O {[%clk 01:31:21]} {[%emt 00:00:21]}
O-O-O {[%clk 01:29:18]} {[%emt 00:00:40]} 16. h5 {[%clk 01:31:31]} {[%emt
00:00:19]} Bh7 {[%clk 01:29:39]} {[%emt 00:00:09]} 17. g5 {[%clk 01:31:43]}
{[%emt 00:00:18]} Bf5 {[%clk 01:24:34]} {[%emt 00:05:35]} 18. Bd3 {[%clk
01:31:31]} {[%emt 00:00:43]} Bxd3 {[%clk 01:20:17]} {[%emt 00:04:47]} 19. Qxd3
{[%clk 01:31:53]} {[%emt 00:00:07]} Nb6 {[%clk 01:17:44]} {[%emt 00:03:03]} 20.
Qe4 {[%clk 01:27:53]} {[%emt 00:04:29]} Bb4 {[%clk 01:12:23]} {[%emt 00:05:52]}
21. gxh6 {[%clk 01:27:59]} {[%emt 00:00:24]} gxh6 {[%clk 01:12:40]} {[%emt
00:00:12]} 22. a3 {[%clk 01:26:10]} {[%emt 00:02:21]} Bxc3 {[%clk 01:10:46]}
{[%emt 00:02:23]} 23. Bxc3 {[%clk 01:26:29]} {[%emt 00:00:11]} Nc4 {[%clk
01:04:10]} {[%emt 00:07:06]} 24. Qe2 {[%clk 01:25:42]} {[%emt 00:01:16]} b5
{[%clk 01:02:22]} {[%emt 00:02:20]} 25. a4 {[%clk 01:25:39]} {[%emt 00:00:33]}
a6 {[%clk 01:02:00]} {[%emt 00:00:52]} 26. axb5 {[%emt 00:04:27]} axb5 {[%clk
00:58:42]} 27. b3 {[%clk 01:25:09]} {[%emt 00:00:49]} Na5 {[%clk 00:57:00]}
{[%emt 00:02:12]} 28. Kb2 {[%clk 01:22:32]} {[%emt 00:03:08]} Nb7 {[%clk
00:50:42]} {[%emt 00:06:47]} 29. Ra1 {[%clk 01:21:31]} {[%emt 00:01:31]} Qd7
{[%clk 00:42:41]} {[%emt 00:08:32]} 30. Qd2 {[%clk 01:15:38]} {[%emt 00:06:23]}
Kc7 {[%clk 00:31:59]} {[%emt 00:11:12]} 31. Ba5+ {[%clk 01:15:40]} {[%emt
00:00:27]} Nxa5 {[%clk 00:32:24]} {[%emt 00:00:05]} 32. Qxa5+ {[%clk 01:16:02]}
{[%emt 00:00:08]} Kb8 {[%clk 00:31:50]} {[%emt 00:01:04]} 33. Qa8+ {[%clk
01:15:46]} {[%emt 00:00:46]} Kc7 {[%clk 00:32:16]} {[%emt 00:00:04]} 34. Ra7+
{[%clk 01:15:33]} {[%emt 00:00:43]} Kb6 {[%clk 00:32:38]} {[%emt 00:00:08]} 35.
Rxd7 {[%clk 01:14:41]} {[%emt 00:01:22]} Rxa8 {[%clk 00:33:02]} {[%emt
00:00:06]} 36. Rxf7 {[%clk 01:15:02]} {[%emt 00:00:10]} Rag8 {[%clk 00:29:53]}
{[%emt 00:03:39]} 37. Rf6 {[%clk 01:15:05]} {[%emt 00:00:25]} Re8 {[%clk
00:29:14]} {[%emt 00:01:09]} 38. Rg1 {[%clk 01:15:25]} {[%emt 00:00:10]} c5
{[%clk 00:28:39]} {[%emt 00:01:07]} 39. dxc5+ {[%clk 01:15:36]} {[%emt
00:00:18]} Kxc5 {[%clk 00:29:02]} {[%emt 00:00:07]} 40. Rgg6 {[%clk 01:15:56]}
{[%emt 00:00:10]} Kd5 {[%clk 00:29:04]} {[%emt 00:00:29]} 41. Rxh6 {[%clk
01:16:15]} {[%emt 00:00:10]} Kxe5 {[%clk 00:29:07]} {[%emt 00:00:27]} 42. Kc3
{[%clk 01:15:51]} {[%emt 00:00:54]} Rxh6 {[%clk 00:28:46]} {[%emt 00:00:51]}
43. Rxh6 {[%emt 00:00:22]} Rc8+ {[%clk 00:29:01]} 44. Kd3 {[%clk 01:16:37]}
{[%emt 00:00:07]} Kf5 {[%clk 00:28:47]} {[%emt 00:00:44]} 45. Rh7 {[%clk
01:16:46]} {[%emt 00:00:21]} Re8 {[%clk 00:28:00]} {[%emt 00:01:17]} 46. Rb7
{[%clk 01:17:01]} {[%emt 00:00:15]} Rd8+ {[%clk 00:26:07]} {[%emt 00:02:23]}
47. Ke3 {[%clk 01:17:10]} {[%emt 00:00:21]} e5 {[%clk 00:24:23]} {[%emt
00:02:14]} 48. h6 {[%clk 01:17:03]} {[%emt 00:00:38]} Ke6 {[%clk 00:21:29]}
{[%emt 00:03:24]} 49. Rxb5 {[%clk 01:16:29]} {[%emt 00:01:04]} Rh8 {[%clk
00:20:27]} {[%emt 00:01:32]} 50. Ke4 {[%emt 00:00:30]} Rxh6 {[%clk 00:20:37]}
51. Rb6+ {[%clk 01:17:11]} {[%emt 00:00:07]} 1-0

[Event "ODJM B 2025"]
[Site "Willingen GER"]
[Date "2025.06.13"]
[Round "8"]
[White "Zielke, Marek"]
[Black "Schmitt, Bastian"]
[Result "0-1"]
[Termination "normal"]
[Board "52"]
[WhiteElo "1572"]
[BlackElo "1729"]
[WhiteClock "00:14:49"]
[BlackClock "00:46:36"]
[PlyCount "58"]
[WhiteFideId "34661808"]
[BlackFideId "34615768"]
[EventCountry "GER"]
[EventRounds "9"]
[EventType "swiss"]
[EventDate "2025.06.07"]

1. e4 {[%clk 01:30:56]} {[%emt 00:00:04]} e5 {[%clk 01:30:48]} {[%emt
00:00:12]} 2. Nf3 {[%clk 01:31:18]} {[%emt 00:00:09]} Nc6 {[%clk 01:31:05]}
{[%emt 00:00:13]} 3. Bc4 {[%clk 01:31:27]} {[%emt 00:00:21]} Nf6 {[%clk
01:31:22]} {[%emt 00:00:12]} 4. Ng5 {[%clk 01:31:50]} {[%emt 00:00:08]} d5
{[%clk 01:31:35]} {[%emt 00:00:16]} 5. exd5 {[%clk 01:32:15]} {[%emt 00:00:05]}
b5 {[%clk 01:31:48]} {[%emt 00:00:17]} 6. Bxb5 {[%clk 01:32:41]} {[%emt
00:00:05]} Qxd5 {[%clk 01:32:01]} {[%emt 00:00:17]} 7. Bxc6+ {[%clk 01:33:04]}
{[%emt 00:00:07]} Qxc6 {[%clk 01:32:08]} {[%emt 00:00:22]} 8. Qf3 {[%clk
01:33:08]} {[%emt 00:00:25]} e4 {[%clk 01:27:42]} {[%emt 00:04:57]} 9. Qb3
{[%clk 01:31:24]} {[%emt 00:02:15]} Qd7 {[%clk 01:25:55]} {[%emt 00:02:17]} 10.
Nc3 {[%clk 01:30:05]} {[%emt 00:01:49]} Bd6 {[%clk 01:23:23]} {[%emt 00:03:01]}
11. Ngxe4 {[%clk 01:28:15]} {[%emt 00:02:21]} Nxe4 {[%clk 01:23:13]} {[%emt
00:00:40]} 12. Nxe4 {[%clk 01:28:32]} {[%emt 00:00:13]} O-O {[%clk 01:22:39]}
{[%emt 00:01:02]} 13. Nxd6 {[%clk 01:28:31]} {[%emt 00:00:32]} cxd6 {[%clk
01:22:28]} {[%emt 00:00:41]} 14. O-O {[%clk 01:28:25]} {[%emt 00:00:36]} Bb7
{[%clk 01:21:25]} {[%emt 00:01:34]} 15. Qg3 {[%clk 01:27:41]} {[%emt 00:01:12]}
Qf5 {[%clk 01:17:36]} {[%emt 00:04:20]} 16. d3 {[%clk 01:26:12]} {[%emt
00:02:00]} Rfe8 {[%clk 01:15:42]} {[%emt 00:02:24]} 17. Bh6 {[%clk 01:19:10]}
{[%emt 00:07:32]} Qf6 {[%clk 01:13:49]} {[%emt 00:02:23]} 18. Be3 {[%clk
01:17:52]} {[%emt 00:01:48]} Re6 {[%clk 01:12:13]} {[%emt 00:02:06]} 19. Rfe1
{[%clk 01:14:55]} {[%emt 00:03:27]} Qxb2 {[%clk 01:10:42]} {[%emt 00:02:01]}
20. Rab1 {[%clk 01:15:09]} {[%emt 00:00:16]} Qc3 {[%clk 01:11:00]} {[%emt
00:00:11]} 21. Rec1 {[%clk 01:11:15]} {[%emt 00:04:25]} Rg6 {[%clk 01:09:06]}
{[%emt 00:02:23]} 22. Qf4 {[%clk 00:59:56]} {[%emt 00:11:50]} Bxg2 {[%clk
01:06:00]} {[%emt 00:03:36]} 23. Bxa7 {[%clk 00:56:17]} {[%emt 00:04:09]} Bb7+
{[%clk 01:05:28]} {[%emt 00:01:02]} 24. Kf1 {[%clk 00:56:39]} {[%emt 00:00:08]}
Rxa7 {[%clk 01:04:57]} {[%emt 00:01:00]} 25. Qe3 {[%clk 00:56:31]} {[%emt
00:00:38]} Bg2+ {[%clk 00:59:16]} {[%emt 00:06:11]} 26. Kg1 {[%clk 00:30:32]}
{[%emt 00:26:29]} Ra8 {[%clk 00:54:52]} {[%emt 00:04:55]} 27. Qf4 {[%clk
00:15:46]} {[%emt 00:15:16]} Qc6 {[%clk 00:54:04]} {[%emt 00:01:17]} 28. f3
{[%clk 00:14:24]} {[%emt 00:01:52]} Bxf3+ {[%clk 00:52:01]} {[%emt 00:02:33]}
29. Kf2 {[%clk 00:14:49]} {[%emt 00:00:05]} Rg2+ {[%clk 00:46:36]} {[%emt
00:05:55]} 0-1